000 00640cam a22002171 4500
001 ne 64000852
003 DLC
005 20260227111757.0
008 911206s1963 tu b 000 0 tur
010 _ane 64000852
035 _a(OCoLC)24904563
040 _aDLC
_cCU
_dDLC
050 0 0 _aHN40.M6
_bT8
100 1 _aTurnagil, Ahmed Reşid.
245 1 0 _aIslâm cemiyetinin esas temelleri:
_bhürriyet, adalet, kardeşlik, müsavat.
_cNeşreden: Abdullah Işıklar.
260 _aİstanbul,
_c1963.
300 _a48 p.
_c20 cm.
504 _aBibliographical footnotes.
650 0 _aIslamic sociology.
700 1 _aIşıklar, Abdullah.
999 _c46868
_d46868